The natural heritage of Jammu-Kashmir-Ladakh : (Record no. 84051)
[ view plain ]
| 000 -LEADER | |
|---|---|
| fixed length control field | 00913nam a22002537a 4500 |
| 005 - DATE AND TIME OF LATEST TRANSACTION | |
| control field | 20230127141946.0 |
| 010 ## - LCCN (DPL NO) | |
| LC control number | ENG-109931 |
| 020 ## - INTERNATIONAL STANDARD BOOK NUMBER | |
| International Standard Book Number | 9788170494256 |
| Terms of availability | 995.00 |
| 035 ## - SYSTEM CONTROL NUMBER | |
| System control number | EN-93464 |
| 035 ## - SYSTEM CONTROL NUMBER | |
| System control number | B-536749-751 |
| 035 ## - SYSTEM CONTROL NUMBER | |
| System control number | B-667708 |
| 037 ## - SOURCE OF ACQUISITION | |
| Source of stock number/acquisition | DBAD/PUB |
| 037 ## - SOURCE OF ACQUISITION | |
| Source of stock number/acquisition | B-536749-751 |
| 082 ## - DEWEY DECIMAL CLASSIFICATION NUMBER | |
| Classification number | 508.546 |
| 100 ## - MAIN ENTRY--PERSONAL NAME | |
| Personal name | Dewan, Parvez |
| 245 ## - TITLE STATEMENT | |
| Title | The natural heritage of Jammu-Kashmir-Ladakh : |
| Statement of responsibility, etc | by Parvez Dewan |
| Remainder of title | wildlife forest flora rivers lakes / |
| 260 ## - PUBLICATION, DISTRIBUTION, ETC. (IMPRINT) | |
| Place of publication, distribution, etc | New Delhi |
| Name of publisher, distributor, etc | Manas Publications |
| Date of publication, distribution, etc | 2012 |
| 270 ## - ADDRESS | |
| Address | 4402/5-A, Ansari Road, Daryaganj |
| City | New Delhi |
| Postal code | 110002 |
| 300 ## - PHYSICAL DESCRIPTION | |
| Extent | 271p. : |
| Dimensions | 24cm(Hb) |
| Other physical details | col. photos |
| 500 ## - GENERAL NOTE | |
| General note | Includes index |
| 942 ## - ADDED ENTRY ELEMENTS (KOHA) | |
| Source of classification or shelving scheme | Dewey Decimal Classification |
| Item type | English Books |
| Call number suffix | DEW |
| Classification part | 508.546 |
| Withdrawn status | Lost status | Not for loan | Collection code | Home library | Current library | Date acquired | Source of acquisition | Cost, normal purchase price | Full call number | Barcode | Copy number | Cost, replacement price | Koha item type |
|---|---|---|---|---|---|---|---|---|---|---|---|---|---|
| Non-fiction | Ashok Vihar | Ashok Vihar | 08/03/2018 | KKP/278/24.2.2017/420/15.2.2017/17.3.2017 | 995.00 | 508.546 DEW | B-667708 | 1 | 995.00 | English Books | |||
| Non-fiction | Bawana | Bawana | 14/08/2014 | KKP/BL3706/28.03.2014/146/25.03.2014/31.03.2014 | 995.00 | 508.546 DEW | B-536751 | 1 | 995.00 | English Books | |||
| Non-fiction | Central Library | Central Library | 14/08/2014 | KKP/BL3706/28.03.2014/146/25.03.2014/31.03.2014 | 995.00 | 508.546 DEW | B-536749 | 1 | 995.00 | English Books | |||
| Not For Loan | Non-fiction | D.B.Act.Division | D.B.Act.Division | 08/05/2014 | DBAD / PUB | 995.00 | 508.546 DEW | EN-93464 | 1 | 995.00 | English Books | ||
| Non-fiction | Patel Nagar | Patel Nagar | 14/08/2014 | KKP/BL3706/28.03.2014/146/25.03.2014/31.03.2014 | 995.00 | 508.546 DEW | B-536750 | 1 | 995.00 | English Books |
